Effect of baclofen phonophoresis onspasticity in gastrocnemius musclein children with spastic diplegi / (رقم التسجيلة. 164414)

تفاصيل مارك
000 -LEADER
fixed length control field 03509nam a2200301Ia 4500
005 - DATE AND TIME OF LATEST TRANSACTION
control field 20250223033127.0
008 - FIXED-LENGTH DATA ELEMENTS--GENERAL INFORMATION
fixed length control field 231030s9999 xx 000 0 und d
049 ## - LOCAL HOLDINGS (OCLC)
Holding library Deposit
082 ## - DEWEY DECIMAL CLASSIFICATION NUMBER
Classification number 618.92
097 ## - Thesis Degree
Thesis Level M.Sc
099 ## - LOCAL FREE-TEXT CALL NUMBER (OCLC)
Classification number Cai01.21.06.M.Sc.2022.Ma.E.
100 ## - MAIN ENTRY--PERSONAL NAME
Personal name BY Mahmoud mohamed abd elghan,
245 ## - TITLE STATEMENT
Title Effect of baclofen phonophoresis onspasticity in gastrocnemius musclein children with spastic diplegi /
Statement of responsibility, etc. Mahmoud mohamed abd elghan ؛Prof. Gehan Hassan El-Meniawy،Prof. Mohamed Ahmed ElNabarawi،Dr. Heba Gaber Abd El Aziz.
246 ## - VARYING FORM OF TITLE
Title proper/short title تأثير استخدام مادة البكلوفين بالتأين بالموجات فوق الصوتيه على التشنج فى عضلة الساق عند الاطفال المصابين بالشلل الدماغى التقلصى المزدوج.
260 ## - PUBLICATION, DISTRIBUTION, ETC.
Date of publication, distribution, etc. 2022.
336 ## - CONTENT TYPE
Source rda content
Content type term text
337 ## - MEDIA TYPE
Source rdamedia
Media type term Unmediated
338 ## - CARRIER TYPE
Source rdacarrier
Carrier type term volume
502 ## - DISSERTATION NOTE
Dissertation note Thesis (M.Sc.)-Cairo University,2022. .
504 ## - BIBLIOGRAPHY, ETC. NOTE
Bibliography, etc. note Bibliography: p. 88-105.
520 ## - SUMMARY, ETC.
Summary, etc. الخلفية والغرض: الأطفال المصابون بالشلل الدماغى التقلصي المزدوج يعانون من مشاكل في الحركة والاتزان والسقوط المتكرر أثناء الحركة وبعضهم يعاني من عدم القدرة علي الوقوف. الهدف: صممت هذه الرسالة لمعرفه تأثير استخدام ماده البكلوفين عن طريق الموجات فوق الصوتيه علي التشنج في عضله الساق في الأطفال المصابين بالشلل المخي التقلصي المزدوج. الطريقة: شارك في هذه الرساله 40 طفلا مصابين بالشلل المخي التقلصي المزدوج ممن تراوحت اعمارهم من 3 الي 6 سنوات من كلا الجنسين. تم اختيارهم من قسم العلاج الطبيعي بمستشفي كفرالشيخ العام .تم تقسيمهم عشوائياً الي مجموعتين: المجموعه الضابطه (أ) تلقت برنامج علاج طبيعي مصمم لمدة ساعه بواقع ثلاث جلسات اسبوعيا لمدة 12 اسبوع ومجموعة الدراسة (ب) تلقت مادة البكلوفين عن طريق الموجات فوق الصوتيه لمده 10 دقائق علي عضلة الساق ثلاث مرات في الاسبوع لمدة 12 اسبوع قبل برنامج العلاج الطبيعي المصمم. النتائج: اظهرت النتائج عدم وجود فروق ذات دلاله احصائيه بين المجموعتين في جميع المتغيرات المقاسه. كما اظهرت النتائج عند مقارنه قبل وبعد العلاج وجود تحسن ذو دلاله احصائيه في الوقوف في كلا المجموعتين. الاستنتاج: تشير نتائج الدراسه الي ان استخدام ماده البكلوفين عن طريق الموجات فوق الصوتيه يساعد علي تحسين الوقوف عند الاطفال المصابين بالشلل المخي التقلصي المزدوج, حيث انه عمليا يقلل التشنج العضلي في عضله الساق والتي تحتاج الي مزيد من الدراسات.
650 ## - SUBJECT ADDED ENTRY--TOPICAL TERM
Topical term or geographic name entry element Baclofen.
653 ## - INDEX TERM--UNCONTROLLED
Uncontrolled term Gastrocnemius
700 ## - ADDED ENTRY--PERSONAL NAME
Personal name Mohamed Ahmed ElNabarawi.
856 ## - ELECTRONIC LOCATION AND ACCESS
Uniform Resource Identifier <a href="http://172.23.153.220/th.pdf">http://172.23.153.220/th.pdf</a>
905 ## - LOCAL DATA ELEMENT E, LDE (RLIN)
Cataloger Mohamady
942 ## - ADDED ENTRY ELEMENTS (KOHA)
Koha item type Thesis
Source of classification or shelving scheme Dewey Decimal Classification
المقتنيات
Source of classification or shelving scheme Not for loan Home library Current library Date acquired Full call number Barcode Date last seen Koha item type
Dewey Decimal Classification   المكتبة المركزبة الجديدة - جامعة القاهرة قاعة الرسائل الجامعية - الدور الاول 11.02.2024 Cai01.21.06.M.Sc.2022.Ma.E. 01010110086500000 30.10.2023 Thesis
Cairo University Libraries Portal Implemented & Customized by: Eng. M. Mohamady Contacts: new-lib@cl.cu.edu.eg | cnul@cl.cu.edu.eg
CUCL logo CNUL logo
© All rights reserved — Cairo University Libraries
CUCL logo
Implemented & Customized by: Eng. M. Mohamady Contact: new-lib@cl.cu.edu.eg © All rights reserved — New Central Library
CNUL logo
Implemented & Customized by: Eng. M. Mohamady Contact: cnul@cl.cu.edu.eg © All rights reserved — Cairo National University Library